000 00548nam a2200205Ia 4500
005 20250326144508.0
008 250326s9999 xx 000 0 und d
020 _a978-1-4200-9034-5
037 _aTextbook
040 _aFMSL
_beng
_cFMSL
041 _aeng
_2eng
084 _aX:89Q P9
_qFMSL
100 _aSproull B
_9749671
245 0 _aUltimate improvement cycle
_cSproull B
260 _aLondon
_bLondon, CRC
_c2009
300 _a250p
365 _b2990.6415000000002
942 _cTB
_hX:89Q P9
999 _c1303917
_d1303917